00684nam a2200169 u 450000100100000000500170001000800410002704000250006808200090009310000390010224500460014126000330018730000210022059000750024195201810031699900170049700003613620200930074917.0111216s1961 xxu r 000 0 spa d aDO-SdBNPbspacBNPHU axxxx1 aPoe, Edgar Allan,d1809-18499990310aEight tales of terror /cEdgar Allan Poe. aNew York :b[s. n.,c1961?]. a197 p. ;c17 cm. aPerteneció a la biblioteca personal de Juan Isidro Jimenes Grullón 001050718MOaGRbGRcCTd2011-12-16iLF1l0oxxxx p36136-10r2020-06-25w2020-06-25y1zPerteneció a la biblioteca personal de Juan Isidro Jimenes GrullónZNo se presta c35627d35627